| 000 | 00759nam a22001817a 4500 | ||
|---|---|---|---|
| 003 | OSt | ||
| 005 | 20220316113254.0 | ||
| 008 | 220316b |||||||| |||| 00| 0 eng d | ||
| 040 | _aSEKU | ||
| 050 |
_aS 604 _b.M88 |
||
| 100 | _aMutua, Urbanus Mutunga | ||
| 245 |
_aAssessing the impact of farming systems and land use change on dry land plant biodiversity a case study of mwal and yatta sub-counties in machakos county, Kenya/ _ba thesis submitted in partial fulfillment of the requirements of the award of master of science in agricultural resources management in the department of range land agriculture of south eastern kenya university: |
||
| 300 | _a63 P.:, | ||
| 650 | _xDry land | ||
| 650 | _yfarming | ||
| 650 | _vbiodiversity | ||
| 942 |
_2lcc _cTHE |
||
| 999 |
_c18158 _d18158 |
||